MARC

LEADER 00000nam0a2200000 4500
001 13518
005 20231030185027.0
010 |a 9850604816 
035 |a (RuTPU)RU\TPU\book\13600 
035 |a BOOK00013669 
090 |a 13518 
100 |a 20011209d1999 m y0 y50 ca 
101 0 |a rus 
102 |a BY 
105 |a y j 000zy 
200 1 |a Электротехника  |e учебник  |f Ф. Г. Китунович 
205 |a 4-е изд., перераб. и доп. 
210 |a Минск  |c Вышэйшая школа  |d 1999 
215 |a 400 с. 
610 1 |a электротехника 
610 1 |a электрические цепи 
610 1 |a электроизмерительные приборы 
610 1 |a электрические измерения 
610 1 |a трансформаторы 
610 1 |a нелинейные элементы 
610 1 |a выпрямители 
610 1 |a переменный ток 
610 1 |a постоянный ток 
610 1 |a машины 
610 1 |a электроэнергия 
610 1 |a производство 
610 1 |a передача 
610 1 |a распределения 
610 1 |a типовые задачи 
610 1 |a решение 
610 1 |a примеры 
610 1 |a учебные пособия 
675 |a 621.3(075.8)  |v 3 
700 1 |a Китунович  |b Ф. Г.  |g Федор Григорьевич 
801 0 |a RU  |b 63413507  |c 20011209  |g PSBO 
801 2 |a RU  |b 63413507  |c 20080125  |g PSBO 
942 |c BK